| 000 | 00778nam a2200229Ia 4500 | ||
|---|---|---|---|
| 003 | OSt | ||
| 005 | 20220923211620.0 | ||
| 006 | a|||||r|||| 00| 0 | ||
| 007 | ta | ||
| 008 | Pun | ||
| 024 | _a12,897 | ||
| 037 | _cTextual | ||
| 040 |
_aARTS _cARTS _bPun |
||
| 041 |
_2Pun _aPun |
||
| 082 | _aDelta73xE58, 153J2 | ||
| 100 |
_aਗਗ਼ਲੀ, ਈਮਾਮ ਮੁਹਮੱਦ; Fਾਹ, ਅੱਦਨ _9161043 |
||
| 245 | 0 | _aਕੀਮੀਆ ਏ Fਾਹਾਂ ਔਰ ਪਾਰਸ ਭਾਗ | |
| 260 |
_aਲੁਧਿਆਣਾ _b ਲਾਹੌਰ ਬੁੱਕ Fਾਪ _c1952 |
||
| 650 | _aਅਧਿਆਤਮਵਾਦ | ||
| 942 |
_hDelta73xE58, 153J2 _cTEXL _2CC |
||
| 999 |
_c301491 _d301491 |
||